| 000 | 00424nam a2200121Ia 4500 | ||
|---|---|---|---|
| 008 | 171212s9999 xx 000 0 und d | ||
| 020 | _a9780833076847 | ||
| 100 | _aDixon, Lloyd;Clancy, Noreen;Kumar, Krishna B. | ||
| 245 |
_cDixon, Lloyd;Clancy, Noreen;Kumar, Krishna B. _aHedge Funds and Systemic Risk |
||
| 260 |
_bRAND Corporation _c2012 |
||
| 650 | _aEconomics | ||
| 856 | _uhttp://www.jstor.org/stable/10.7249/j.ctt1q60xr | ||
| 999 |
_c352137 _d352137 |
||